Els Dirigents patronals i la Setmana Tràgica / Soledad Bengoechea
Descripción Física:
55 p. , 21 cm
MARC
| LEADER | 00000nam a2200000Ia 4500 | ||
|---|---|---|---|
| 001 | 12614 | ||
| 008 | 160829s2000 xx 000 0 cat d | ||
| 080 | |a H-2-103 | ||
| 100 | |a Bengoechea, Soledad |9 31754 | ||
| 245 | |a Els Dirigents patronals i la Setmana Tràgica / Soledad Bengoechea | ||
| 260 | |a Barcelona : |b Ajuntament de Barcelona, |c 2000 | ||
| 300 | |a 55 p. , 21 cm | ||
| 490 | |a Quaderns del Seminari d'Història de Barcelona. Història ; 1 | ||
| 650 | |a Setmana Tràgica, Barcelona, 1909 |9 31755 | ||
| 650 | |a Patrons i treballadors |9 31756 | ||
| 710 | 1 | |a Barcelona (Catalunya). |b Ajuntament |9 50981 | |
| 901 | |a Arxiu | ||
| 942 | |n 1 | ||
| 952 | |0 0 |1 0 |4 0 |6 H2103 |7 1 |9 45747 |a Arxiu |b Arxiu |d 2016-12-01 |l 0 |o H-2-103 |p 12614 |r 2016-12-01 00:00:00 |w 2016-12-01 |y ARXIU | ||
| 999 | |c 49247 |d 49247 | ||